000 01022nas a2200325 4500
001 BR0601526
003 BR-BrBNA
005 20231205105927.0
007 ta
008 230509b bl.|||p| |||| 00| 00por d
040 _aBR-BrBNA
_bpor
_cBiblioteca Nacional de Agricultura
041 _a(Pt)
072 _aL51; L02
100 1 _aCavalcante, R.R.
100 1 _aFigueirêdo, A.V. de
100 1 _aCarvalho, M.A.M. de
100 1 _aLopes, J.B.
100 1 _aAlmeida, M.M. de
245 1 _aDigestibilidade aparente de nutrientes de rações balanceadas com alimentos alternativos para cutias (Dasyprocta prymnolopha)em crescimento
650 _aCUTIA
650 _aDIGESTIBILIDADE APARENTE
650 _aRAÇÃO BALANCEADA
650 _aDIETA
650 _aPROTEÍNA BRUTA
650 _aCÁLCIO
650 _aFÓSFORO
773 0 _tCiência Animal Brasileira (Brazil)
_xISSN 1518-2797
_g(Jul-Sep 2005), v. 6(3) p. 163-171
_wBR0601526
909 _a202311
_bLúcia
_c55
_dLúcia Elande
942 _2AGRIS
_n0
_cANA
999 _c185392
_d185392